Communication in business and professional organizations /

Bibliographic Details
Main Author: Seiler, William J.
Other Authors: Baudhuin, E. Scott, Schuelke, L. David
Format: Book
Language:English
Published: Reading, Mass. : Addison-Wesley, [1982]
Series:Addison-Wesley series in communication.
Subjects:

MARC

Tag First Indicator Second Indicator Subfields
LEADER 00000pam a2200000 a 4500
001 in00000078314
005 20151008060724.0
008 800805s1982 maua b 00110 engm
010 |a  80021158  
020 |a 0201071800 
035 |a (OCoLC)06649507 
035 |9 AAJ6424AM 
040 |a DLC  |c DLC  |d m.c.  |d TXA  |d UtOrBLW 
049 |a TXAM  |c [1442797] 
050 0 0 |a HD30.3  |b .S45 1982 
082 0 |a 658.4/5  |2 19 
100 1 |a Seiler, William J. 
245 1 0 |a Communication in business and professional organizations /  |c William J. Seiler, E. Scott Baudhuin, L. David Schuelke. 
264 1 |a Reading, Mass. :  |b Addison-Wesley,  |c [1982] 
264 4 |c ©1982 
300 |a xv, 351 pages :  |b illustrations ;  |c 24 cm. 
336 |a text  |b txt  |2 rdacontent 
337 |a unmediated  |b n  |2 rdamedia 
338 |a volume  |b nc  |2 rdacarrier 
490 1 |a Addison-Wesley series in communication 
500 |a Includes bibliographies and indexes. 
650 0 |a Communication in organizations. 
650 0 |a Communication in management. 
700 1 |a Baudhuin, E. Scott. 
700 1 |a Schuelke, L. David. 
830 0 |a Addison-Wesley series in communication. 
999 |a MARS 
999 f f |s e8c3789e-2357-3ff5-b113-bfb303eca177  |i c40b6c07-6fe4-3aeb-9e2a-8da71cf6b710  |t 0 
952 f f |p ric  |a Texas A&M University  |b Rellis Campus  |c Joint Library Facility  |d Remote Storage  |t 0  |e HD30.3 .S45 1982  |h Library of Congress classification  |i unmediated -- volume  |m A14806123528 
998 f f |a HD30.3 .S45 1982  |t 0  |l Remote Storage